عرض عادي
عرض مارك
- Hockly, Nicky
مدخل إسم شخص
001 - رقم الضبط
- حقل الضبط: 45444
003 - معرف رقم الضبط
- حقل الضبط: OSt
005 - تاريخ ووقت أخر عملية
- حقل الضبط: 20140519201837.0
008 - عناصر بيانات ثابتة الطول
- حقل تحكم ثابت الطول: 140519|||a|||||| | ||| d
040 ## - مصدر الفهرسة
- هيئة الفهرسة الأصلية: OSt
- وكالة الكتابة: OSt
100 ## - مدخل -- أسم شخص
- إسم شخص: Hockly, Nicky
670 ## - بيانات المصدر موجوده
- الاستشهاد بالمصدر: Work cat.: (OSt)0: Dudeney, Gavin, 1964- 45441, Digital literacies :, 2013
